000 00533nam a22001697a 4500
005 20251108164654.0
008 250721s1994 xx 000 0 ara d
082 1 4 _a811.06/عبد
100 1 _aمحمود، عبد الخالق
245 1 0 _aديوان إبن الفارض :
_bتحقيق و دراسة نقدية /
264 1 _aالقاهرة :
_bعين للدراسات والبحوث،
_c1994.
300 _a399 ص
650 1 7 _aشعر التصوف
650 1 7 _aالشعر الديني
942 _2ddc
_cBK
999 _c11474
_d11474